000 00926nam a2200289Ia 4500
001 H9059
003 IT-RoPAU
008 130308s9999 xx 000 0 und d
040 _aIT-RoPAU
040 _cIT-RoPAU
041 _aITALIANO
100 _aContreras Maria José
100 _gCodice Aut. SPICS: 59620
245 _aIndagine sociosemiotica sull'esame ecografico di donne in gravidanza
245 _bDiscorso della salute (Il). Verso una sociosemiotica Medica
250 _a1a ed.
260 _aROMA
260 _bMeltemi
260 _c2005 [1° Ed.:2005 - Ed.Ling.Originale:2005]
300 _a"7 p. (prefazione: no ; testo: 7 [pagine: 304-310])"
500 _a"Metodologia. Analisi Sociosemiotica: Distribuzione del Sapere e del Sentire; Propriocezione e Senso. Conclusioni."
650 _aSAGGI DI SEMIOLOGIA
650 _eCodice materia Spics: 3257
942 _cBK
957 _71
999 _c78433
_d78433
999 _g1